000 00587nam a22001817a 4500
999 _c170944
_d170944
005 20191231112826.0
010 _a765047
035 _a765047
037 _bBPPD/Pub.
082 _a841
100 _aخاں نثار اختر
245 _aہندوستان ہمارا /
_cاڑیٹر - خاں نثار اختر
246 _aHindustan Humara vol.I(Urdu) /
_bedited by Khan Nisar Akhtar
260 _aNew Delhi
_bMaktaba Jamia
_c1973 ء
270 _aMaktaba Jamia, Jamia Nagar
_bNew Delhi
_e110025
300 _a536p.
_c21cm(Hb)
942 _2ddc
_cUR
_h841
_mخ ا ں